00688nam a2200193Ia 4500003000900000008004100009020001400050040001600064080001400080100002700094245011700121260006800238300001700306650004100323650001800364942000700382999001500389952009000404IN-BaIIA211028s9999 xx 000 0 eng d a80-607146 cIIA Library a52.3bNEW aNewell, Homer E912306 0aBeyond the Atmosphere : Early Years of Space SciencecHomer E Newell  aWashingtonbNational Aeronautics and Space Administrationc1980 axviii, 197p. aAstronomy and Astrophysics Thesaurus aSpace Science cBK c7171d7171 00104070aBANbBANcGENd1982-09-17l0o52.3/ NEWp7966r2021-11-05w1982-09-17yBK